2023 NCAA College Basketball Final Four Starters - Statistics

General Stats
  • This quiz has been taken 61 times
  • The average score is 10 of 20
Answer Stats
School Position Name % Correct
UConn G Jordan Hawkins
69%
UConn F Adama Sanogo
67%
Miami G Isaiah Wong
67%
FAU G Johnell Davis
67%
Miami G Nijel Pack
61%
UConn G Tristen Newton
57%
FAU G Alijah Martin
55%
UConn G Andre Jackson
55%
Miami F Norchad Omier
55%
Miami G/F Jordan Miller
53%
San Diego State G Lamont Butler
53%
Miami G Wooga Poplar
53%
UConn F Alex Karaban
51%
FAU F Vlad Goldin
51%
San Diego State F Keshad Johnson
43%
San Diego State G Matt Bradley
37%
FAU G Bryan Greenlee
33%
San Diego State G Darrion Trammell
33%
FAU G Nicholas Boyd
33%
San Diego State F Nathan Mensah
27%
No matching quizzes found
Score Distribution
Percent of People with Each Score
Percentile by Number Answered
Your Score History
You have not taken this quiz